在聖靈裏的新生命 = New life in the spirit {ch} / (Record no. 38558)
[ view plain ]
| 000 -LEADER | |
|---|---|
| fixed length control field | 00576nam a22001817a 4500 |
| 008 - FIXED-LENGTH DATA ELEMENTS--GENERAL INFORMATION | |
| fixed length control field | 150701s ch ||||| |||| 00| 0 chi d |
| 020 ## - INTERNATIONAL STANDARD BOOK NUMBER | |
| International Standard Book Number | 9572029460 (平裝) |
| 041 1# - LANGUAGE CODE | |
| Language code of text/sound track or separate title | chi |
| 050 ## - LIBRARY OF CONGRESS CALL NUMBER | |
| Classification number | BT121.2 |
| 100 1# - MAIN ENTRY--PERSONAL NAME | |
| Personal name | 雷奧納德.遂特 |
| Numeration | (Leonard I. Sweet) |
| Titles and other words associated with a name | 著 |
| 245 10 - TITLE STATEMENT | |
| Title | 在聖靈裏的新生命 = New life in the spirit {ch} / |
| Statement of responsibility, etc | 雷奧納德.遂特(Leonard I. Sweet)著 ; 鄭慧姃譯 |
| 250 ## - EDITION STATEMENT | |
| Edition statement | 再版 |
| 260 ## - PUBLICATION, DISTRIBUTION, ETC. (IMPRINT) | |
| Place of publication, distribution, etc | 臺南市 : |
| Name of publisher, distributor, etc | 人光出版, |
| Date of publication, distribution, etc | 2002 |
| 300 ## - PHYSICAL DESCRIPTION | |
| Extent | 187p. |
| 490 ## - SERIES STATEMENT | |
| Series statement | 信仰生活叢書 |
| Volume number/sequential designation | v4. |
| 700 ## - ADDED ENTRY--PERSONAL NAME | |
| Personal name | 鄭慧姃 |
| Relator term | 譯 |
| 942 ## - ADDED ENTRY ELEMENTS (KOHA) | |
| Source of classification or shelving scheme | Library of Congress Classification |
| Item type | Books |
| Edition | 再版 |
| Withdrawn status | Lost status | Source of classification or shelving scheme | Damaged status | Not for loan | Home library | Current library | Shelving location | Date acquired | Accession number | Total Checkouts | Full call number | Barcode | Date last seen | Price effective from | Koha item type |
|---|---|---|---|---|---|---|---|---|---|---|---|---|---|---|---|
| Library of Congress Classification | BSOP Library | BSOP Library | Chinese Books (General Circulation) | 07/01/2015 | C-13305 | BT121.2 Sw3 | 00045871 | 07/01/2015 | 07/01/2015 | Books |
